MyGZULibrary

The global challenge : (Record no. 3255)

MARC details
000 -LEADER
fixed length control field 01087pam a2200289 a 4500
001 - CONTROL NUMBER
control field 4432121
003 - CONTROL NUMBER IDENTIFIER
control field GZU
005 - DATE AND TIME OF LATEST TRANSACTION
control field 20201124085659.0
008 - FIXED-LENGTH DATA ELEMENTS--GENERAL INFORMATION
fixed length control field 940310s1994 enka b 001 0 eng
010 ## - LIBRARY OF CONGRESS CONTROL NUMBER
LC control number 94010893
020 ## - INTERNATIONAL STANDARD BOOK NUMBER
International Standard Book Number 0077090225 :
Terms of availability £22.95
040 ## - CATALOGING SOURCE
Original cataloging agency DLC
Transcribing agency DLC
Modifying agency DLC
050 00 - LIBRARY OF CONGRESS CALL NUMBER
Classification number HD 62.4
Item number .MOR 1994
082 00 - DEWEY DECIMAL CLASSIFICATION NUMBER
Classification number 658/.049
Edition number 20
100 1# - MAIN ENTRY--PERSONAL NAME
Personal name Moran, Robert T.,
Dates associated with a name 1938-
245 14 - TITLE STATEMENT
Title The global challenge :
Remainder of title building the new worldwide enterprise /
Statement of responsibility, etc. Robert T. Moran and John R. Riesenberger.
260 ## - PUBLICATION, DISTRIBUTION, ETC.
Place of publication, distribution, etc. London ;
-- New York :
Name of publisher, distributor, etc. McGraw-Hill,
Date of publication, distribution, etc. c1994.
300 ## - PHYSICAL DESCRIPTION
Extent xiii, 280 p :
Other physical details ill. ;
Dimensions 24 cm.
504 ## - BIBLIOGRAPHY, ETC. NOTE
Bibliography, etc. note Includes bibliographical references (p. 273-274) and index.
650 #0 - SUBJECT ADDED ENTRY--TOPICAL TERM
Topical term or geographic name entry element International business enterprises
General subdivision Management.
650 #0 - SUBJECT ADDED ENTRY--TOPICAL TERM
Topical term or geographic name entry element Comparative management.
650 #0 - SUBJECT ADDED ENTRY--TOPICAL TERM
Topical term or geographic name entry element Executive ability.
700 1# - ADDED ENTRY--PERSONAL NAME
Personal name Riesenberger, John R.,
Dates associated with a name 1948-
906 ## - LOCAL DATA ELEMENT F, LDF (RLIN)
a 7
b cbc
c orignew
d 1
e ocip
f 19
g y-gencatlg
942 ## - ADDED ENTRY ELEMENTS (KOHA)
Source of classification or shelving scheme Library of Congress Classification
Koha item type Books
Classification part 62.4
Item part MOR
Call number prefix HD
Holdings
Withdrawn status Lost status Damaged status Not for loan Collection code Home library Current library Shelving location Date acquired Total Checkouts Full call number Barcode Date last seen Copy number Price effective from Koha item type
        Non-fiction City Campus Library City Campus Library General Stacks 11/24/2020   HD 62.4 MOR 1994 B017916 11/24/2020 c.1 11/24/2020 Books